Náboženský terorizmus ako ohrozenie bezpečnosti
Náboženstvo a násilie. Skúsenosti z posledných rokov vývoja svetovej politiky a nových hrozieb bezpečnosti nútia prehodnotiť miesto náboženstva na politickom poli a skúmať jeho vzťah k terorizmu. Spojenie medzi náboženstvom a násilím možno pozorovať vo všetkých svetových náboženstvách. Fundamentalis...
Salvato in:
| Autore principale: | |
|---|---|
| Natura: | Capitolo di libro |
| Lingua: | slovacco |
| Soggetti: | |
| Tags: |
Nessun Tag, puoi essere il primo ad aggiungerne!!
|
MARC
| LEADER | 00000naa$a2200000$$$4500 | ||
|---|---|---|---|
| 001 | 0040055 | ||
| 005 | 20240502071507.0 | ||
| 041 | 0 | |a slo | |
| 044 | |a SK | ||
| 245 | 1 | 0 | |a Náboženský terorizmus ako ohrozenie bezpečnosti |c Magdaléna Hašková |
| 520 | |a Náboženstvo a násilie. Skúsenosti z posledných rokov vývoja svetovej politiky a nových hrozieb bezpečnosti nútia prehodnotiť miesto náboženstva na politickom poli a skúmať jeho vzťah k terorizmu. Spojenie medzi náboženstvom a násilím možno pozorovať vo všetkých svetových náboženstvách. Fundamentalistické hnutia a násilie. Charakteristika náboženského terorizmu. | ||
| 610 | 2 | 0 | |a náboženstvo |
| 610 | 2 | 0 | |a fundamentalizmus |
| 610 | 2 | 0 | |a terorizmus |
| 610 | 2 | 0 | |a bezpečnosť |
| 610 | 2 | 0 | |a politika |
| 610 | 2 | 0 | |a štát |
| 610 | 2 | 0 | |a politika medzinárodná |
| 100 | 1 | |a Hašková, Magdaléna, 1980- | |